000 00401nam a22001577a 4500
003 CEME
005 20210628202734.0
008 210204b xxu||||| |||| 00| 0 eng d
040 _c.
082 _a891.4391 WAS
100 _aWasif Ali Wasif
_92946
245 _aShabeey charragh
260 _aLAHORE
_bKASHIF PUBLISHER
_c2002
650 _aURDU ADAB-POETRY-WASIF ALI WASIF
_961348
942 _cBK
_2ddc
999 _c570832
_d570832